header

Human rights in the field of comparative education (Record no. 11999)

MARC details
000 -LEADER
fixed length control field 01285nam a2200313Ia 4500
245 00 - TITLE STATEMENT
Title Human rights in the field of comparative education
260 ## - PUBLICATION, DISTRIBUTION, ETC. (IMPRINT)
Place of publication Rotterdam ;
-- Boston :
Name of publisher SensePublishers,
Year of publication c2013.
300 ## - PHYSICAL DESCRIPTION
Number of Pages ix, 176 p.
490 1# - SERIES STATEMENT
Series statement Comparative and international education ;
650 #0 - SUBJECT ADDED ENTRY--TOPICAL TERM
Topical Term Comparative education.
Topical Term Human rights
700 1# - ADDED ENTRY--PERSONAL NAME
Personal name Biseth, Heidi.
Personal name Holmarsdottir, Halla B.
856 40 - ELECTRONIC LOCATION AND ACCESS
Uniform Resource Identifier http://site.ebrary.com/lib/rucke/Doc?id=10687681

No items available.

© 2026 Rongo University
Contact us: librarian | system librarian | Rongo university